| 000 | 00743cam a22002532 4500 | ||
|---|---|---|---|
| 001 | 0000003689 | ||
| 005 | 20151217151928.0 | ||
| 008 | 070514s xx 000 0 eng d | ||
| 020 |
_a0748743146 : _cKES 2,520 |
||
| 040 |
_aKABU _cKABU |
||
| 050 | 0 |
_aQC21.2 _b.B74 2000 |
|
| 100 | 1 |
_aBreithaupt, Jim. _@0000153780 |
|
| 245 | 1 | 0 |
_aNew understanding physics : _bfor advanced level / _cJim Breithaupt. |
| 246 | 3 | _aPhysics | |
| 246 | 3 | _aUnderstanding physics | |
| 250 | _a4th ed. | ||
| 260 |
_aCheltenham : _bNelson Thornes, _c2000. |
||
| 300 |
_aix, 727 p. : _bill. ; _c27 cm. |
||
| 500 | _aIncludes index. | ||
| 650 | 0 |
_aPhysics. _@0000153778 |
|
| 908 | _a070514 | ||
| 950 | _@1 | ||
| 999 |
_c6454 _d6454 |
||